LEADER 02015nam 2200613 a 450 001 9910450169603321 005 20210114031110.0 010 $a0-313-01955-X 035 $a(CKB)1000000000004548 035 $a(OCoLC)56119332 035 $a(CaPaEBR)ebrary10017986 035 $a(SSID)ssj0000281301 035 $a(PQKBManifestationID)11241462 035 $a(PQKBTitleCode)TC0000281301 035 $a(PQKBWorkID)10307118 035 $a(PQKB)10372196 035 $a(MiAaPQ)EBC3000630 035 $a(EXLCZ)991000000000004548 100 $a20150424d2000 u|| 0 101 0 $aeng 181 $ctxt 182 $cc 183 $acr 200 10$aLatin America in the Era of the Cuban Revolution$b[electronic resource] 210 $aWestport, CT, USA $cGreenwood Publishing Group, Incorporated$d2000 210 $cGreenwood Publishing Group, Incorporated 215 $a1 online resource (253 p.) 300 $aBibliographic Level Mode of Issuance: Monograph 311 $a0-275-96705-0 606 $aRadicalism$zLatin America$xHistory$y20th century 606 $aViolence$zLatin America$xHistory$y20th century 606 $aHISTORY$2bisac 606 $aMilitary / United States$2bisac 606 $aLatin America$2HILCC 606 $aRegions & Countries - Americas$2HILCC 606 $aHistory & Archaeology$2HILCC 607 $aLatin America$xPolitics and government$y1948-1980 607 $aCuba$xHistory$yRevolution, 1959$xInfluence 607 $aUnited States$xMilitary policy 615 0$aRadicalism$xHistory 615 0$aViolence$xHistory 615 7$aHISTORY 615 7$aMilitary / United States 615 7$aLatin America 615 7$aRegions & Countries - Americas 615 7$aHistory & Archaeology 676 $a980.03/3 700 $aWright$b Thomas C$0879473 801 0$bPQKB 801 2$bAzTeS 906 $aBOOK 912 $a9910450169603321 996 $aLatin America in the Era of the Cuban Revolution$91985228 997 $aUNINA LEADER 01733aam 2200457I 450 001 9910710508403321 005 20131209032733.0 024 8 $aGOVPUB-C13-1f12dd3036c412157adfc8fa96fed56b 035 $a(CKB)5470000002478217 035 $a(OCoLC)864829293 035 $a(EXLCZ)995470000002478217 100 $a20131209d2013 ua 0 101 0 $aeng 181 $2rdacontent 182 $2rdamedia 183 $2rdacarrier 200 10$aTaxonomic rules for password policies $etranslating the informal to the formal language /$fKevin Killourhy; Yee-Yin Choong; Mary Theofanos 210 1$aGaithersburg, MD :$cU.S. Dept. of Commerce, National Institute of Standards and Technology,$d2013. 215 $a1 online resource (21 pages) $cillustrations (black and white) 225 1 $aNISTIR ;$v7970 300 $a"December 2013." 300 $aContributed record: Metadata reviewed, not verified. Some fields updated by batch processes. 300 $aTitle from PDF title page (viewed December 9, 2013). 320 $aIncludes bibliographical references. 517 $aTaxonomic rules for password policies 606 $aComputers$xAccess control$xPasswords 606 $aTaxonomy 615 0$aComputers$xAccess control$xPasswords. 615 0$aTaxonomy. 700 $aKillourhy$b Kevin$01401419 701 $aChoong$b Yee-Yin$01388781 701 $aKillourhy$b Kevin$01401419 701 $aTheofanos$b Mary$01388783 712 02$aInformation Technology Laboratory (National Institute of Standards and Technology) 801 0$bNBS 801 1$bNBS 801 2$bGPO 906 $aBOOK 912 $a9910710508403321 996 $aTaxonomic rules for password policies$93470180 997 $aUNINA LEADER 04184nam 22008533u 450 001 9910782530003321 005 20230422045529.0 010 $a1-282-16299-3 010 $a9786612162992 010 $a90-272-9876-9 035 $a(CKB)1000000000579102 035 $a(EBL)622229 035 $a(OCoLC)665835070 035 $a(SSID)ssj0000276899 035 $a(PQKBManifestationID)11237842 035 $a(PQKBTitleCode)TC0000276899 035 $a(PQKBWorkID)10226508 035 $a(PQKB)11585315 035 $a(MiAaPQ)EBC622229 035 $a(EXLCZ)991000000000579102 100 $a20130729d1999|||| u|| | 101 0 $aeng 135 $aur|n|---||||| 181 $ctxt 182 $cc 183 $acr 200 10$aAnimacy and Reference$b[electronic resource] $eA cognitive approach to corpus linguistics 210 $aAmsterdam/Philadelphia $cJohn Benjamins Publishing Company$d1999 215 $a1 online resource (299 p.) 225 1 $aStudies in Language Companion Series 300 $aDescription based upon print version of record. 311 $a1-55619-932-5 311 $a90-272-3049-8 327 $aANIMACY AND REFERENCE; Editorial page; Title page; LCC data; Dedication; Table of contents; Acknowledgments; Introduction; CHAPTER 1. What is 'Animacy'?; CHAPTER 2. What Does Animacy Do to Human Language?; CHAPTER 3. Hierarchy of Persons and Animacy in English and Japanese: With Reference to the Distinction between Singularity an; CHAPTER 4. Degree of Individuation and Encoding of Animacy; CHAPTER 5. Agency and Animacy: Their Expression and Suppression; CHAPTER 6. A Neverending Story of Animacy: Some Achievements, Further Prospects and Implications; References 327 $aAppendix: Lists of Human/Animate Noun Phrases in CorpusIndex; STUDIES IN LANGUAGE COMPANION SERIES (SLCS) 330 $aThe concept of 'animacy' concerns the fundamental and cognitive question of the extent to which we recognize and express living things as saliently human-like or animal-like.In Animacy and Reference Mutsumi Yamamoto pursues two main objectives: First, to establish a conceptual framework of animacy, and secondly, to explain how the concept of animacy can be reflected in the use of referential expressions. Unlike previous studies on the subject focussing on grammatical manifestations, Animacy and Reference sheds light upon the conceptual properties of animacy itself and its r 410 0$aStudies in Language Companion Series 606 $aEnglish language -- Animacy 606 $aEnglish language -- Grammar, Comparative -- Japanese 606 $aGrammar, Comparative and general -- Animacy 606 $aJapanese language -- Animacy 606 $aJapanese language -- Grammar, Comparative -- English 606 $aReference (Linguistics) 606 $aGrammar, Comparative and general$xAnimacy 606 $aReference (Linguistics)$xAnimacy 606 $aEnglish language$xAnimacy 606 $aJapanese language$xGrammar, Comparative$xJapanese 606 $aEnglish language$xGrammar, Comparative$xEnglish 606 $aJapanese language 606 $aPhilology & Linguistics$2HILCC 606 $aLanguages & Literatures$2HILCC 615 4$aEnglish language -- Animacy. 615 4$aEnglish language -- Grammar, Comparative -- Japanese. 615 4$aGrammar, Comparative and general -- Animacy. 615 4$aJapanese language -- Animacy. 615 4$aJapanese language -- Grammar, Comparative -- English. 615 4$aReference (Linguistics). 615 0$aGrammar, Comparative and general$xAnimacy 615 0$aReference (Linguistics)$xAnimacy 615 0$aEnglish language$xAnimacy 615 0$aJapanese language$xGrammar, Comparative$xJapanese 615 0$aEnglish language$xGrammar, Comparative$xEnglish 615 0$aJapanese language 615 7$aPhilology & Linguistics 615 7$aLanguages & Literatures 676 $a415 700 $aYamamoto$b Mutsumi$0673584 801 0$bAU-PeEL 801 1$bAU-PeEL 801 2$bAU-PeEL 906 $aBOOK 912 $a9910782530003321 996 $aAnimacy and reference$91273663 997 $aUNINA LEADER 02576nas 2200805- 450 001 9910134830103321 005 20250129090215.0 011 $a1472-698X 035 $a(OCoLC)48748122 035 $a(CKB)111000136906092 035 $a(CONSER)--2002243091 035 $a(DE-599)ZDB2054004-8 035 $a(MiFhGG)5QBR 035 $a(MiAaPQ)42591 035 $a(EXLCZ)99111000136906092 100 $a20020108b20012020 s-- - 101 0 $aeng 135 $aurcnu|||||||| 181 $ctxt$2rdacontent 182 $cc$2rdamedia 183 $acr$2rdacarrier 200 00$aBMC international health and human rights 210 1$aLondon :$cBioMed Central,$d2001-2020. 215 $a1 online resource 300 $aTitle from BioMed Central archive volume screen (viewed Feb. 15, 2002). 300 $aRefereed/Peer-reviewed 517 1 $aBioMed Central international health and human rights 517 1 $aInternational health and human rights 531 $aBMC INT HEALTH HUM RIGHTS 531 $aBMC INT. HEALTH HUM. RIGHTS 531 $aBMC INT HEALTH HUM R 531 10$aBMC Int Health Hum Rights 606 $aMedical care$zDeveloping countries$vPeriodicals 606 $aHuman rights$xHealth aspects$vPeriodicals 606 $aHuman Rights 606 $aGlobal Health 606 $aDeveloping Countries 606 $aDelivery of Health Care 606 $aPublic Health$2ebps 606 $aHuman Rights$2ebps 606 $aHuman rights$xHealth aspects$2fast$3(OCoLC)fst00963298 606 $aMedical care$2fast$3(OCoLC)fst01013753 606 $aAssistència sanitària$2thub 606 $aDrets humans$2thub 606 $aDret a la salut$2thub 607 $aDeveloping countries$2fast 607 $aPaïsos en vies de desenvolupament$2thub 608 $aPeriodical. 608 $aFulltext. 608 $aInternet Resources. 608 $aPeriodicals. 608 $aPeriodicals.$2fast 608 $aRevistes electròniques$2thub 615 0$aMedical care 615 0$aHuman rights$xHealth aspects 615 12$aHuman Rights. 615 12$aGlobal Health. 615 2$aDeveloping Countries. 615 22$aDelivery of Health Care. 615 7$aPublic Health. 615 7$aHuman Rights. 615 7$aHuman rights$xHealth aspects. 615 7$aMedical care. 615 7$aAssistència sanitària 615 7$aDrets humans 615 7$aDret a la salut 906 $aJOURNAL 912 $a9910134830103321 996 $aBMC international health and human rights$91912115 997 $aUNINA